Bioaktivity nových derivátov a komplexov flavonoidov s potencionálnym profylaktickým a terapeutickým využitím dizertačná práca

Na minha lista:
Detalhes bibliográficos
Autor principal: Danihelová, Martina
Formato: Livro
Idioma:eslovaco
Publicado em: Bratislava STU FCHPT 2013
Acesso em linha:View in OPAC
Tags: Adicionar Tag
Sem tags, seja o primeiro a adicionar uma tag!

MARC

LEADER 00000nam a2200000 a 4500
005 20260127133945.0
008 150217 2013 000 0 slo d
035 |a vtls010655064 
039 9 |y 201502171003  |z mschk03 
040 |a STUSCHK1  |b slo  |c STUSCHK1  |e AACR2 
100 1 |a Danihelová, Martina 
245 1 |a Bioaktivity nových derivátov a komplexov flavonoidov s potencionálnym profylaktickým a terapeutickým využitím  |b dizertačná práca  |c Martina Danihelová 
260 |a Bratislava  |b STU FCHPT  |c 2013 
300 |a 104 s.  |b il.  |c 30 cm 
500 |a Študijný program a odbor: chémia a technológia poživatín 
500 |a Školiace pracovisko: Odd. výživy a hodnotenia potravín 
910 |a SCHK95 
999 |c 872  |d 872